=LDR 00000nam 2200000 4500 =001 INLIS000000000027229 =005 20130612125624 =008 ***********************************Ind** =035 ##$$0010-061300000027229 =041 ##$$a Ind =082 ##$$a 787.65 =090 ##$$a 786.2, Asr b =100 ##$$a Asriadi, Derry =245 ##$$a Belajar cepat bermain gitar bass, Derry Asriadi ; penyunting, Ida ayu Maruti =260 ##$$a 2006 $b Jakarta =300 ##$$a viii, 51 hlm, ilus, 27 cm =650 ##$$a Gitar-Bas =850 ##$$a NBPNMAT